La carrière de James Harden - NBA - Statistiques

Statistiques générales
  • Ce quiz a été pris 125 fois
  • Le résultat moyen est 5 sur 5
Statistiques - réponses
Année Club % Correct
2012 - 2021 Rockets de Houston
95%
2023 - actuel Clippers de Los Angeles
94%
2009 - 2012 Thunder d'Oklahoma City
93%
2021 - 2022 Nets de Brooklyn
89%
2022 - 2023 76ers de Philadelphie
85%
Aucun quiz correspondant
Distribution des résultats
% des personnes avec chaque résultat
Percentile par nombre de réponses
Votre historique - résultats
Vous n’avez pas pris ce quiz